[Event "134th ch-New York State"]
[Site "Colonie USA"]
[Date "2012.09.03"]
[Round "6"]
[White "Velikhanli,F"]
[Black "Bennett,D"]
[Result "1-0"]
[WhiteElo "2270"]
[BlackElo "2208"]

1.e4 d5 2.exd5 Qxd5 3.Nc3 Qd6 4.d4 Nf6 5.h3 a6 6.Nf3 Nc6 7.Be3 Bf5 8.g4 Bg6
9.Bg2 O-O-O 10.a3 Ne4 11.Nh4 Nxc3 12.bxc3 e5 13.d5 Na5 14.Qe2 e4 15.Nxg6 Qxg6
16.c4 Qf6 17.O-O Qc3 18.Bd2 Qxc2 19.Rfc1 Qa4 20.Bxa5 Qxa5 21.Qxe4 Bc5 22.Rab1 Rd6
23.Rb3 Qd2 24.Rcb1 Qxf2+ 25.Kh1 b6 26.Rf3 Qh4 27.Rxf7 h5 28.Rxg7 Qg3 29.Rf1 hxg4
30.Qxg4+ Qxg4 31.Rxg4 Rdh6 32.a4 Re8 33.Rf7 Re1+ 34.Rf1 Re2 35.Rg8+ Kd7 36.Rf7+ Be7
37.Kg1 Rh4 38.Bf3 Re5 39.Bg4+ Kd6 40.Rg6+ Kc5 41.Rc6+ Kb4 42.Rxc7 Bc5+ 43.Kg2 Kxa4
44.Rc6 Rh8 45.d6 Rd8 46.d7 Rg5 47.Rc8 Rgg8 48.Rxd8 Rxd8 49.Rf1 b5 50.cxb5 Kxb5
51.h4 a5 52.h5 a4 53.Rd1 a3 54.Be6 Kc6 55.Rd2 Bf8 56.Kf3 Bg7 57.Kg4 Bh6 58.Rd3 Bf8
59.Kf5 Bb4 60.Rd4 Bc5 61.Rd2 Bb4 62.Rd4 Bc5 63.Ra4 Kb5 64.Rg4 a2 65.Bxa2 Rxd7
66.h6 Bd4 67.Be6 Rd8 68.h7 Rf8+ 69.Kg6 Bc3 70.Bf7 Rd8 71.Rg3 Rd6+ 72.Kh5 Bd4
73.Rd3 Rd8 74.Rxd4  1-0

[Event "40th Olympiad Women"]
[Site "Istanbul TUR"]
[Date "2012.09.03"]
[Round "6.35"]
[White "Sanchez Castillo,S"]
[Black "Ptacnikova,L"]
[Result "1-0"]
[WhiteElo "2193"]
[BlackElo "2281"]

1.e4 d5 2.exd5 Qxd5 3.Nc3 Qd6 4.d4 Nf6 5.Be2 c6 6.a3 Bf5 7.Nf3 Nbd7 8.g3 Nd5
9.Nxd5 cxd5 10.O-O Qc6 11.c4 dxc4 12.d5 Qb5 13.a4 Qb3 14.Nd4 Qxd1 15.Rxd1 Bd3
16.Bxd3 cxd3 17.Nb5 Kd8 18.Rxd3 a6 19.Nd4 Nc5 20.Rc3 Ne4 21.Rb3 Nd6 22.Bf4 Kd7
23.Rb6 Rb8 24.a5 g6 25.Nc6 Rc8 26.Bxd6 bxc6 27.Be5 f6 28.dxc6+ Ke6 29.Bf4 Kd5
30.Rd1+ Kc5 31.b3  1-0

[Event "40th Olympiad Open"]
[Site "Istanbul TUR"]
[Date "2012.09.03"]
[Round "6.27"]
[White "Vazquez,Guillermo"]
[Black "Neiksans,A"]
[Result "1-0"]
[WhiteElo "2323"]
[BlackElo "2537"]

1.e4 d5 2.exd5 Qxd5 3.Nc3 Qd6 4.Nf3 Nf6 5.d4 a6 6.Ne5 Nc6 7.Nxc6 Qxc6 8.d5 Qd6
9.g3 Bg4 10.Qd3 O-O-O 11.Bg2 e6 12.Bf4 Qb6 13.O-O Qa5 14.Bd2 c6 15.h3 Bf5
16.Qe2 cxd5 17.Nxd5 Qb5 18.c4 Qe8 19.Nb6+ Kc7 20.Ba5 Kb8 21.Rfd1 Be7 22.g4 Bg6
23.Qe5+ Ka7 24.Qe3 Kb8 25.Bc3 Nd7 26.Be5+ Nxe5 27.Qxe5+ Ka7 28.Qc7 Rxd1+
29.Rxd1 Qb8 30.Qxe7 Kxb6 31.Rd7  1-0

[Event "World Youth U16 Olympiad 2012"]
[Site "Istanbul TUR"]
[Date "2012.09.03"]
[Round "7.17"]
[White "Benzetsel,E"]
[Black "Aksoy,Ayca"]
[Result "1-0"]
[WhiteElo "1838"]
[BlackElo "1696"]

1.e4 d5 2.exd5 Qxd5 3.Nc3 Qd6 4.d4 Nf6 5.g3 c6 6.Bg2 a6 7.Nge2 Bf5 8.O-O e6
9.Bf4 Qd8 10.Qd2 Be7 11.Rfe1 O-O 12.Rad1 Nbd7 13.Nb1 Nb6 14.b3 Rc8 15.c4 Re8
16.Nbc3 Bb4 17.h3 h6 18.Qe3 Qe7 19.g4 Bh7 20.Ng3 Qd8 21.Re2 Re7 22.Nce4 Rd7
23.Nxf6+ Qxf6 24.Nh5 Qg6 25.d5 Na8 26.d6 Rcd8 27.c5 Nc7 28.Qd4 Ba5 29.b4 e5
30.Qxe5 Bxb4 31.dxc7 Rxd1+ 32.Kh2 Qe6 33.Qxg7+  1-0

[Event "World Youth U16 Olympiad 2012"]
[Site "Istanbul TUR"]
[Date "2012.09.03"]
[Round "8.18"]
[White "McDonald,I"]
[Black "Mutlu,Beste"]
[Result "0-1"]
[WhiteElo "1869"]
[BlackElo "1646"]

1.e4 d5 2.exd5 Qxd5 3.Nc3 Qd6 4.d4 c6 5.Nf3 Bg4 6.Bc4 Nf6 7.O-O Nbd7 8.Be3 e6
9.h3 Bh5 10.Qe2 Be7 11.a3 O-O 12.g4 Bg6 13.Bb3 Rad8 14.Nd2 Qc7 15.f4 Rfe8
16.Nf3 a6 17.Ne5 c5 18.Nxg6 hxg6 19.Rad1 cxd4 20.Bxd4 Bc5 21.Qf2 Bxd4 22.Rxd4 Qa5
23.Rfd1 Qc7 24.Rd6 Nd5 25.Ne4 N7b6 26.Rxd8 Rxd8 27.f5 Qe5 28.Qxb6 Rf8 29.Qd4 Qc7
30.Bxd5 exd5 31.Qxd5 gxf5 32.Qxf5 Qb6+ 33.Kh1 Qxb2 34.Qg5 Re8 35.c3 Qb6 36.Ng3 Qc6+
37.Qd5 Qxc3 38.Rf1 Qc7 39.Ne4 Qe7 40.Nd6 Rd8 41.Nf5 Qc7 42.Qf3 Rd2 43.Ng3 Rd8
44.Ne4 Qe7 45.Ng3 Qc7 46.a4 Rd4 47.Nf5 Rd2 48.Ng3 Rd8 49.a5 Rd4 50.Qe3 Rd8
51.Qf3 Rd4 52.Ne2 Rd8 53.Qf4 Qc6+ 54.Kg1 Qc5+ 55.Qf2 Qd5 56.Nc3 Qb3 57.Qb6 Qxb6+
58.axb6 Rd3 59.Na4 Rxh3 60.Nc5 Rc3 61.Nd7 f6 62.g5 Rd3 63.g6 Rxd7 64.Rc1 Kf8
65.Rc7 Ke7  0-1

[Event "11th Kesarovski-Stanchev Mem"]
[Site "Sunny Beach BUL"]
[Date "2012.09.03"]
[Round "3.13"]
[White "Manolov,I"]
[Black "Spasov,V"]
[Result "0-1"]
[WhiteElo "2243"]
[BlackElo "2581"]

1.e4 d5 2.exd5 Qxd5 3.Nc3 Qd6 4.d4 Nf6 5.Bd3 Nc6 6.Nge2 e5 7.dxe5 Nxe5 8.Bb5+ c6
9.Qxd6 Bxd6 10.Ba4 b5 11.Bb3 a5 12.a4 b4 13.Nd1 Ba6 14.Ba2 O-O 15.Ne3 Rfe8
16.h3 Bc5 17.Bd2 Ne4 18.Rd1 Rad8 19.Nc1 Bb6 20.Bb1 Nc4 21.Nd3 Ncxd2 22.Rxd2 Nxd2
23.Kxd2 Bd4 24.b3 Rd6 25.Rd1 Rde6  0-1

[Event "11th Kesarovski-Stanchev Mem"]
[Site "Sunny Beach BUL"]
[Date "2012.09.03"]
[Round "3.35"]
[White "Elishev,I"]
[Black "Draganova,P"]
[Result "1-0"]
[WhiteElo "2204"]
[BlackElo "2009"]

1.e4 d5 2.exd5 Qxd5 3.Nc3 Qd6 4.d4 a6 5.g3 Nc6 6.d5 Nd8 7.Bf4 e5 8.dxe6 Qxd1+
9.Rxd1 Nxe6 10.Nd5 Bd7 11.Nxc7+ Nxc7 12.Bxc7 Rc8 13.Ba5 Rxc2 14.Bc3 Bc5 15.Bd3 Rxf2
16.Bxg7 f6 17.Ne2 Ne7 18.Bxh8 Nd5 19.a3 Bg4 20.Rc1 Bb6 21.h3 Be6 22.Be4 Kf7
23.Bxd5 Bxd5 24.Rf1  1-0

[Event "40th Olympiad Open"]
[Site "Istanbul TUR"]
[Date "2012.09.04"]
[Round "7.60"]
[White "Chavez,Ri"]
[Black "Anquandah,Francis Eric"]
[Result "1-0"]
[WhiteElo "2205"]
[BlackElo "1992"]

1.e4 d5 2.exd5 Qxd5 3.Nc3 Qd8 4.d4 Bf5 5.Bc4 c6 6.Nf3 e6 7.Qe2 Be7 8.O-O Nf6
9.Bf4 Nbd7 10.Rad1 O-O 11.Ne5 Nxe5 12.dxe5 Nd5 13.Nxd5 cxd5 14.Bd3 Bg6 15.c4 Qa5
16.Bxg6 hxg6 17.cxd5 exd5 18.e6 f6 19.Rd3 Qxa2 20.Qg4 f5 21.Qxg6 Qa4 22.Rh3  1-0

[Event "40th Olympiad Women"]
[Site "Istanbul TUR"]
[Date "2012.09.04"]
[Round "7.51"]
[White "Jaradat,Shadia Z."]
[Black "Francis,Onkemetse"]
[Result "1/2-1/2"]
[WhiteElo "1647"]
[BlackElo "1713"]

1.e4 d5 2.exd5 Qxd5 3.Nc3 Qd8 4.Bc4 Nf6 5.Qf3 e6 6.d3 Nc6 7.Bb5 Bd7 8.Nge2 h6
9.Bd2 a6 10.Ba4 Rb8 11.Qg3 g6 12.f3 Bg7 13.O-O-O b5 14.Bb3 Na5 15.Qf2 Nxb3+
16.cxb3 Rc8 17.b4 Bf8 18.Ne4 Bg7 19.g4 Bc6 20.Bc3 O-O 21.h4 Qe7 22.Qg3 Nd5
23.g5 Nxc3 24.bxc3 Bxe4 25.fxe4 a5 26.a3 axb4 27.axb4 c5 28.bxc5 Qxc5 29.d4 Qa3+
30.Kd2 b4 31.cxb4 Qxb4+ 32.Ke3 Ra8 33.Kf2 Ra2 34.e5 Rc8 35.Qf4 Rcc2 36.Rhe1 hxg5
37.hxg5 Qb7 38.Rd3 Qb5 39.Qe4  1/2-1/2

[Event "40th Olympiad Open"]
[Site "Istanbul TUR"]
[Date "2012.09.04"]
[Round "7.44"]
[White "Alahakoon,I"]
[Black "Aung,K"]
[Result "1/2-1/2"]
[WhiteElo "2060"]
[BlackElo "2149"]

1.e4 d5 2.exd5 Qxd5 3.Nc3 Qd6 4.Nf3 Nf6 5.d4 a6 6.Bc4 e6 7.Bg5 Nbd7 8.a4 Qb6
9.O-O c6 10.Qe2 Be7 11.Ne5 Nxe5 12.dxe5 Nd5 13.Nxd5 cxd5 14.Bxe7 Kxe7 15.Bd3 Bd7
16.Qg4 Kf8 17.a5 Qc5 18.b4 Qc3 19.Qe2 g6 20.Qe3 Kg7 21.Qg5 Rhe8 22.Rab1 Bb5
23.Rb3 Qc7 24.Bxb5 axb5 25.Rh3 Rh8 26.Qf6+ Kg8 27.Rf3 h5 28.Rd1 Rh7 29.c3 b6
30.axb6 Qxb6 31.h4 Qc7 32.Rd4 Ra1+ 33.Kh2 Re1 34.Re3 Rxe3 35.fxe3 Rg7 36.Rd3 Qc4
37.Rd4 Qxc3 38.Qf3 Qc7 39.Qf4 Qe7 40.e4 dxe4 41.Qxe4 g5 42.Qd3 Rg6 43.Rd8+ Kg7
44.Qd6 Qxd6 45.exd6 e5 46.d7 Rd6 47.hxg5 Rd3 48.Kg1 Rd2 49.Kf1 e4 50.Ke1 e3
51.g3 f5 52.g6 f4 53.gxf4 h4 54.f5 h3 55.f6+ Kxf6 56.Rf8+ Kg7 57.Rf3 h2 58.Rh3 Kxg6
59.Rxh2 Rxd7 60.Rh4 Rd2 61.Re4 Rb2 62.Rxe3 Kf5 63.Kd1 Rxb4 64.Kc2 Kf4 65.Rb3 Rc4+
66.Rc3 Rd4 67.Rc5  1/2-1/2

[Event "40th Olympiad Open"]
[Site "Istanbul TUR"]
[Date "2012.09.04"]
[Round "7.70"]
[White "Warren,Jamel"]
[Black "Munro,A"]
[Result "0-1"]
[WhiteElo "1529"]
[BlackElo "2067"]

1.e4 d5 2.exd5 Qxd5 3.Nc3 Qd6 4.d4 Nf6 5.Nf3 a6 6.h3 Bf5 7.Bd3 Bxd3 8.Qxd3 Nc6
9.a3 g6 10.O-O Bg7 11.Be3 O-O 12.Rfe1 e6 13.Rad1 Ne7 14.Bg5 Ned5 15.Bxf6 Nxf6
16.Ne4 Nxe4 17.Rxe4 Rad8 18.c4 c5 19.b3 cxd4 20.b4 e5 21.Rde1 f5 22.Rxe5 Bxe5
23.Rxe5 Rfe8 24.Rd5 Qf4 25.Rxd4 Rxd4 26.Qxd4 Re1+ 27.Nxe1 Qxd4  0-1

[Event "11th Kesarovski-Stanchev Mem"]
[Site "Sunny Beach BUL"]
[Date "2012.09.04"]
[Round "4.32"]
[White "Nadrchal,T"]
[Black "Bazarov,K"]
[Result "0-1"]
[WhiteElo "2017"]
[BlackElo "2301"]

1.e4 d5 2.exd5 Qxd5 3.Nc3 Qd6 4.Bc4 Nf6 5.d3 a6 6.Nge2 b5 7.Bb3 Bb7 8.f3 e6
9.Be3 Be7 10.Ne4 Nxe4 11.dxe4 Qe5 12.Qd4 Qxd4 13.Bxd4 c5 14.Bxg7 Rg8 15.Bxe6 Rxg7
16.Bf5 Nc6 17.g3 Bc8 18.Bxc8 Rxc8 19.O-O-O Rd8 20.c3 Ne5 21.Rhf1 Rxd1+ 22.Kxd1 Nc4
23.Kc1 Rg6 24.b3 Rb6 25.bxc4 Rh6  0-1

[Event "40th Olympiad Women"]
[Site "Istanbul TUR"]
[Date "2012.09.05"]
[Round "8.40"]
[White "Abarca Gonzalez,D"]
[Black "Koskoska,G"]
[Result "1/2-1/2"]
[WhiteElo "2024"]
[BlackElo "2094"]

1.e4 d5 2.exd5 Qxd5 3.Nc3 Qd8 4.d4 Nf6 5.Bc4 c6 6.Nf3 Bf5 7.O-O Nbd7 8.h3 e6
9.Qe2 Nb6 10.Bb3 Be7 11.Bg5 Nfd5 12.Bd2 O-O 13.Ne4 Bxe4 14.Qxe4 Nf6 15.Qe2 c5
16.dxc5 Bxc5 17.Bg5 h6 18.Bh4 Qc7 19.Kh1 Nbd5 20.Bg3 Qe7 21.a3 Rac8 22.c4 Nb6
23.Rfd1 Rfd8 24.Ba2 a5 25.Ne5 Nfd7 26.Nd3 Bd6 27.Bxd6 Qxd6 28.b4 axb4 29.axb4 Qc7
30.Rac1 Nf6  1/2-1/2

[Event "40th Olympiad Women"]
[Site "Istanbul TUR"]
[Date "2012.09.05"]
[Round "8.57"]
[White "Iman,H"]
[Black "Delemarre,Maria Elisabeth"]
[Result "1-0"]
[WhiteElo "2171"]
[BlackElo "1923"]

1.e4 d5 2.exd5 Qxd5 3.Nc3 Qd6 4.Nf3 Nf6 5.d4 a6 6.h3 Bf5 7.Bc4 Nc6 8.O-O e6
9.a3 Be7 10.Re1 O-O 11.Ne2 Be4 12.Bf4 Qd7 13.Ne5 Nxe5 14.Bxe5 Qc6 15.Bxf6 Bxf6
16.f3 Bxf3 17.gxf3 Qxc4 18.c3 Qd5 19.f4 Qf3 20.Kh2 Qf2+ 21.Kh1 Rad8 22.Qd3 Rd5
23.Rg1 Rh5 24.Rg3 e5 25.fxe5 Bxe5 26.dxe5 Qf5 27.Qxf5 Rxf5 28.Rag1 g6 29.Rg5 Rf2
30.R1g2 Rf1+ 31.Kh2 Re8 32.Ng3 Re1 33.Nh5 R8xe5 34.Rxe5 Rxe5 35.Nf4 Kg7 36.Re2 Rxe2+
37.Nxe2 Kf6 38.Kg3 Ke5 39.Kf3 f5 40.h4 a5 41.b3 h6 42.a4 c5 43.Nf4 g5 44.Nd3+ Kd5
45.hxg5 hxg5 46.Nb2 g4+ 47.Kf4 g3 48.Nc4 g2 49.Ne3+ Ke6 50.Nxg2  1-0

[Event "40th Olympiad Open"]
[Site "Istanbul TUR"]
[Date "2012.09.05"]
[Round "8.77"]
[White "Ross,C"]
[Black "Alahakoon,I"]
[Result "1-0"]
[WhiteElo "2231"]
[BlackElo "2060"]

1.e4 d5 2.exd5 Qxd5 3.Nc3 Qd6 4.d4 Nf6 5.Nf3 a6 6.Ne5 Nc6 7.Bf4 Nxd4 8.Nxf7 Qxf4
9.Nxh8 Bg4 10.Ne2 Bxe2 11.Bxe2 Rd8 12.Bd3 e5 13.O-O e4 14.Bxe4 Nxe4 15.Qh5+ Kd7
16.Nf7 Nf6 17.Qh3+ Ke8 18.Nxd8 Kxd8 19.c3 Nc6 20.Rfe1 Bd6 21.g3 Qg5 22.Qe6 Ne5
23.Kg2 Qh5 24.Rad1 Nf3 25.Rxd6+ cxd6 26.Qe7+ Kc8 27.Qf8+ Kc7 28.Re7+ Kb6
29.Qxg7 Qxh2+ 30.Kxf3 Qh1+ 31.Ke2 Qh5+ 32.g4 Qxg4+ 33.Qxg4 Nxg4 34.Rxh7 Kc6
35.f4 b5 36.Ra7 Kb6 37.Rg7 Nf6 38.Rg6 Ne8 39.Re6 Nc7 40.Rxd6+ Kc5 41.Rd7  1-0

[Event "40th Olympiad Women"]
[Site "Istanbul TUR"]
[Date "2012.09.05"]
[Round "8.1"]
[White "Zawadzka,J"]
[Black "Huang Qian"]
[Result "1/2-1/2"]
[WhiteElo "2377"]
[BlackElo "2449"]

1.e4 d5 2.exd5 Qxd5 3.Nc3 Qd6 4.d4 c6 5.Nf3 Bg4 6.h3 Bxf3 7.Qxf3 Nf6 8.Be3 e6
9.O-O-O Nbd7 10.Bf4 Qb4 11.Bc7 Nb6 12.a3 Qe7 13.Be5 Qd8 14.g4 Nbd5 15.Nxd5 Qxd5
16.Bg2 Qxf3 17.Bxf3 Nd7 18.Bg3 Nb6 19.Be2 Nc8 20.f4 Bd6 21.h4 h5 22.gxh5 Ne7
23.Rh3 Nf5 24.Bh2 Rd8 25.c3 Ke7 26.Kc2 Kf8 27.Bg4 Nh6 28.Bf3 Nf5 29.Bg4 Nh6
30.Bf3 Nf5 31.Bg4  1/2-1/2

[Event "11th Istanbul Open A"]
[Site "Istanbul TUR"]
[Date "2012.09.06"]
[Round "7"]
[White "Cannesar,Rad"]
[Black "Ghattour,M"]
[Result "0-1"]
[WhiteElo "1754"]
[BlackElo "2125"]

1.e4 d5 2.exd5 Qxd5 3.Nc3 Qd6 4.d4 Nf6 5.Bd3 Nc6 6.Nge2 Bg4 7.f3 Bh5 8.Bf4 Qd7
9.Qd2 e6 10.O-O-O Be7 11.Kb1 Nb4 12.Be4 Nxe4 13.fxe4 Bd6 14.a3 Na6 15.e5 Be7
16.d5 O-O 17.h3 Rfd8 18.g4 Bg6 19.h4 f6 20.d6 cxd6 21.exd6 Bf8 22.h5 Bf7
23.g5 e5 24.Bg3 Qxd6 25.Qxd6 Bxd6 26.gxf6 gxf6 27.Ne4 Be7 28.Bh4 Bxh5 29.Rdg1+ Bg6
30.Nxf6+ Bxf6 31.Bxf6 Rd6 32.Rxg6+ hxg6 33.Rh8+ Kf7 34.Rxa8 Kxf6 35.Rxa7 Rd1+
36.Nc1 Rd7 37.b4 g5 38.Ne2 g4 39.c4 Ke6 40.Kc2 e4 41.c5 e3  0-1

[Event "40th Olympiad Open"]
[Site "Istanbul TUR"]
[Date "2012.09.06"]
[Round "9.54"]
[White "Jeitz,C"]
[Black "Fernandez Lopez,Jo"]
[Result "1-0"]
[WhiteElo "2212"]
[BlackElo "2090"]

1.e4 d5 2.exd5 Qxd5 3.Nc3 Qd6 4.d4 Nf6 5.Bd3 a6 6.Nge2 b5 7.Bf4 Qb6 8.a4 Bb7
9.f3 b4 10.a5 Qc6 11.Ne4 Nbd7 12.c4 bxc3 13.bxc3 Nd5 14.Bd2 e5 15.Rb1 f5
16.c4 fxe4 17.cxd5 Qd6 18.Bxe4 Bxd5 19.dxe5 Qc5  1-0

[Event "40th Olympiad Open"]
[Site "Istanbul TUR"]
[Date "2012.09.06"]
[Round "9.53"]
[White "Vazquez Reyes,R"]
[Black "Mensing,F"]
[Result "1-0"]
[WhiteElo "2251"]
[BlackElo "2088"]

1.e4 d5 2.exd5 Qxd5 3.Nc3 Qd6 4.d4 Nf6 5.Nf3 a6 6.g3 Bg4 7.h3 Bh5 8.Bg2 Nc6
9.d5 Nb4 10.Bf4 e5 11.Bxe5 Bxf3 12.Bxd6 Bxd1 13.Bxf8 Rxf8 14.Rxd1 Nxc2+ 15.Ke2 a5
16.a3 O-O-O 17.Kd3 Nb4+ 18.axb4 axb4 19.Na2 c5 20.Rc1  1-0

[Event "40th Olympiad Women"]
[Site "Istanbul TUR"]
[Date "2012.09.06"]
[Round "9.48"]
[White "Ilhom,Mootribai"]
[Black "Francis,Onkemetse"]
[Result "0-1"]
[WhiteElo "1705"]
[BlackElo "1713"]

1.e4 d5 2.exd5 Qxd5 3.Nc3 Qd8 4.d4 Nf6 5.Nf3 Bg4 6.h3 Bh5 7.Be2 e6 8.Bg5 Be7
9.Qd2 h6 10.Be3 c6 11.O-O Nbd7 12.Kh1 Qa5 13.a3 Bg6 14.b4 Qd8 15.Rfd1 O-O
16.Qc1 Qc7 17.Nd2 Nb6 18.Nc4 Nxc4 19.Bxc4 Bd6 20.Ne2 Rfe8 21.Nf4 Bh7 22.Bd3 Be4
23.c4 e5 24.Ne2 exd4 25.Nxd4 Be5 26.Ra2 Bxd3 27.Rxd3 Rad8 28.Rad2 Ne4 29.Rd1 Bxd4
30.Rxd4 Rxd4 31.Rxd4 Qe5 32.Rd7 Qf5 33.Rxb7 Nxf2+ 34.Kg1 Nd3 35.Qd2 a6 36.Rb6 Ne5
37.Qc1 Qd3 38.Bf2 Nxc4 39.Rxc6 Nd6 40.Qf1 Qd2 41.Rxa6 Ne4 42.Qe1 Qd3 43.Qf1 Nxf2
44.Kxf2 Qe3+  0-1

[Event "40th Olympiad Women"]
[Site "Istanbul TUR"]
[Date "2012.09.06"]
[Round "9.62"]
[White "Konkolova,Nikola"]
[Black "Hearne,Sarah-Jane"]
[Result "0-1"]
[WhiteElo "1501"]
[BlackElo "1565"]

1.e4 d5 2.exd5 Qxd5 3.Nc3 Qd6 4.Nf3 Nf6 5.Bc4 c6 6.a3 Bf5 7.d3 e6 8.Be3 Be7
9.h3 Qc7 10.Qd2 Nbd7 11.b4 O-O 12.g4 Bg6 13.Rg1 b5 14.Bb3 a5 15.bxa5 Rxa5
16.h4 h5 17.gxh5 Nxh5 18.Ke2 Bh7 19.Bh6 Kh8 20.Bg5 Ndf6 21.Bxf6 Bxf6 22.Ng5 Qe5+
23.Nce4 Raa8 24.Raf1 Bxe4 25.Nxe4 Nf4+ 26.Ke1 Rxa3 27.Qb4 Rfa8 28.Kd2 Nd5
29.Qd6 Qxd6 30.Nxd6 Be7 31.Nxf7+ Kg8 32.Ne5 Bb4+ 33.Ke2 Nc3+ 34.Kf3 Rf8+
35.Kg2 Nd5 36.Nxc6 Bd6 37.Bxd5 exd5 38.Nd4 Ra5 39.Rb1 b4 40.Rb3 Bc5 41.Nf3 Ra2
42.d4 Bd6 43.Ne1 Rf4 44.Rd3 Rxh4 45.Nf3 Rg4+ 46.Kf1 Ra1+  0-1

[Event "5th Sabadell Open A"]
[Site "Sabadell ESP"]
[Date "2012.09.06"]
[Round "8"]
[White "Gallego Alcaraz,A"]
[Black "Perez Mitjans,O"]
[Result "1-0"]
[WhiteElo "2377"]
[BlackElo "2504"]

1.e4 d5 2.exd5 Qxd5 3.Nc3 Qd6 4.d4 Nf6 5.Nf3 Bg4 6.h3 Bh5 7.g4 Bg6 8.Ne5 Nbd7
9.f4 e6 10.Bg2 O-O-O 11.Qf3 Qa6 12.Bf1 Qb6 13.Nc4 Qc6 14.Qxc6 bxc6 15.Bd2 Bxc2
16.Na5 Nb8 17.Rc1 Bg6 18.Bg2 Bb4 19.Nb3 h5 20.g5 Nd5 21.a3 Bd6 22.O-O Nb6
23.Ne4 Na4 24.Nxd6+ cxd6 25.Bxc6 Nxc6 26.Rxc6+ Kb8 27.Bb4 d5 28.Bd6+ Ka8
29.Be5 Rhg8 30.Na5 Nxb2 31.Rc7 Rb8 32.Nc6 Rb7 33.Rxb7 Kxb7 34.Ne7 Re8 35.Nxg6 Nc4
36.Nh4 Nxa3 37.Bxg7 a5 38.f5 Nc4 39.g6 Rg8 40.f6 Nd6 41.gxf7 Nxf7 42.Ng6 a4
43.Rb1+ Kc7 44.Ra1 Ra8 45.Ne5 Nd6 46.Kh2 Nf5 47.f7 Nxg7 48.Rg1 a3 49.Rxg7 Rf8
50.Rg3 Ra8 51.Rxa3  1-0

[Event "40th Olympiad Open"]
[Site "Istanbul TUR"]
[Date "2012.09.07"]
[Round "10.27"]
[White "Neiksans,A"]
[Black "Puntier,W"]
[Result "1-0"]
[WhiteElo "2537"]
[BlackElo "2312"]

1.e4 d5 2.exd5 Qxd5 3.Nc3 Qd6 4.d4 Nf6 5.Nf3 c6 6.Ne5 Nbd7 7.Nc4 Qc7 8.Qf3 Nb6
9.Ne5 Be6 10.Bf4 Nbd5 11.Nxd5 Bxd5 12.Qd3 Qa5+ 13.Bd2 Qb6 14.c4 Be4 15.Qc3 Bf5
16.f3 Nd7 17.d5 Nxe5 18.Qxe5 e6 19.g4 Bg6 20.d6 c5 21.d7+ Kxd7 22.O-O-O Ke8
23.h4 h6 24.Bc3 f6 25.Qe3 Be7 26.h5 Bf7 27.Bd3 Rd8 28.Rhe1 Rd6 29.Bc2 Kd7
30.Bg6 Bxg6 31.Qxe6+ Kc6 32.Qxe7  1-0

[Event "40th Olympiad Open"]
[Site "Istanbul TUR"]
[Date "2012.09.07"]
[Round "10.51"]
[White "Khader,Sam"]
[Black "Elarbi,A"]
[Result "0-1"]
[WhiteElo "2392"]
[BlackElo "2259"]

1.e4 d5 2.exd5 Qxd5 3.Nc3 Qd6 4.d4 c6 5.Nf3 Bg4 6.h3 Bxf3 7.Qxf3 Qxd4 8.Be3 Qd8
9.Bd3 Nd7 10.O-O-O Ngf6 11.Bd4 Qa5 12.Rhe1 e6 13.g4 Bc5 14.Bxf6 gxf6 15.Bxh7 O-O-O
16.Be4 Bb4 17.h4 Ne5 18.Qg3 Bxc3 19.Qxc3 Qxc3 20.bxc3 Rxd1+ 21.Kxd1 Nxg4
22.Ke2 Rxh4 23.Kf3 Ne5+ 24.Kg3 Rg4+ 25.Kh3 Rg8 26.f4 Nc4 27.Rd1 f5 28.Bf3 Ne3
29.Rd3 Nd5 30.Bxd5 cxd5 31.Rd4 Kb8 32.c4 dxc4 33.Rd7 Rg4 34.Rxf7 Rxf4 35.Kg3 Rd4
36.Re7 Rd2 37.Kf4 Rxc2 38.Rxe6 Rxa2 39.Kxf5 Rf2+ 40.Kg4 c3 41.Re3 c2 42.Rc3 b5
43.Kg3 Rd2 44.Kf4 b4 45.Rc5 b3 46.Ke3 Rd1  0-1

[Event "3rd Oliver Gonzalez Mem Open A"]
[Site "Madrid ESP"]
[Date "2012.09.07"]
[Round "7.25"]
[White "Ciuro Munoz,R"]
[Black "Vazquez Quiroga,M"]
[Result "0-1"]
[WhiteElo "2102"]
[BlackElo "2163"]

1.e4 d5 2.exd5 Qxd5 3.Nc3 Qd6 4.Be2 Nf6 5.d4 a6 6.Bf3 Nc6 7.Nge2 e5 8.Bxc6+ Qxc6
9.dxe5 Ne4 10.Qd5 Bb4 11.Qxc6+ bxc6 12.O-O Nxc3 13.bxc3 Bc5 14.Nd4 Bd7 15.a4 O-O-O
16.Ba3 Ba7 17.a5 Rhe8 18.Rfe1 c5 19.Nb3 c4 20.Nd4 Ba4 21.Rad1 c5 22.Nf5 Rxd1
23.Rxd1 Rxe5 24.Nd6+ Kc7 25.Nxc4 Re2 26.Bc1 Bxc2 27.Bf4+ Kc6 28.Rc1 Bg6 29.g3 f6
30.h3 Bd3 31.Ne3 g5  0-1

[Event "9th LGA Premium Cup"]
[Site "Nuernberg GER"]
[Date "2012.09.07"]
[Round "2.86"]
[White "Diener,Carolin Valeria"]
[Black "Luther,H"]
[Result "0-1"]
[WhiteElo "1710"]
[BlackElo "2017"]

1.e4 d5 2.exd5 Qxd5 3.Nc3 Qd6 4.d4 Nf6 5.h3 g6 6.Nf3 Bg7 7.Bc4 a6 8.O-O O-O
9.Be3 b5 10.Be2 Bb7 11.Qd2 Re8 12.a3 Nc6 13.Rad1 e5 14.dxe5 Qxd2 15.Rxd2 Nxe5
16.Nxe5 Rxe5 17.Rfd1 Ree8 18.Bd3 Rac8 19.Bc5 Nh5 20.Bb4 Nf4 21.Bf1 c5 22.Ba5 Ne6
23.Rd7 Bc6 24.R7d3 Nd4 25.R3d2 Bh6 26.Rd3 Nxc2 27.Ne2 b4 28.Kh1 Bb5 29.Rd8 Rcxd8
30.Rxd8 Rxd8 31.Bxd8 bxa3 32.bxa3 Nxa3 33.Be7 Bf8 34.Bf6 Nb1 35.Kg1 Nd2 36.Bc3 Nxf1
37.Kxf1 Bg7 38.Ba5 f5 39.Ke1 Kf7 40.Nf4 Bc6 41.g3 Be4 42.Ke2 g5 43.Nd3 Bd4
44.Nc1 c4 45.Na2 Ke6 46.Nc3 Bd3+ 47.Ke1 Kd6 48.Nd1 Kc6 49.Bd2 g4 50.h4 Bc2
51.Nc3 a5 52.Ne2 Bb6 53.Nc3 a4 54.Na2 Bc5 55.Bc3 Bb3 56.Nb4+ Kb5 57.Nd5 a3
58.Ke2 Bc2 59.Ba1 Ka4 60.Nc7 Kb3 61.Ne6 Bd3+ 62.Ke1 Bb4+ 63.Kd1 Ka2 64.Bd4 Kb1
65.Nf4 Bc2+ 66.Ke2 Be4 67.Kf1 c3 68.Ne2 Bd3  0-1

[Event "9th LGA Premium Cup"]
[Site "Nuernberg GER"]
[Date "2012.09.07"]
[Round "2.13"]
[White "Burg,T"]
[Black "Schuster,K"]
[Result "1-0"]
[WhiteElo "2485"]
[BlackElo "2266"]

1.e4 d5 2.exd5 Qxd5 3.Nc3 Qd6 4.d4 c6 5.Nf3 Bg4 6.Be3 Nf6 7.h3 Bh5 8.Be2 Nbd7
9.Qd2 e6 10.Bf4 Qb4 11.a3 Qa5 12.O-O Be7 13.b4 Qd8 14.Na4 O-O 15.c4 Nb6 16.Nb2 Nc8
17.Bh2 Ne4 18.Qe3 Ned6 19.g4 Bg6 20.Ne5 Bf6 21.f4 Ne7 22.Rad1 Qe8 23.Bf3 Rd8
24.a4 b5 25.axb5 cxb5 26.c5 Ndc8 27.Qe2 h6 28.Kh1 Bh7 29.Bg2 Nd5 30.Qe1 Nce7
31.Nbd3 Bxd3 32.Rxd3 Nc6 33.Nxc6 Qxc6 34.Qd2 Qa6 35.g5 Be7 36.h4 f5 37.Bf3 Rfe8
38.Bh5 Rf8 39.Rg1 hxg5 40.hxg5 g6 41.Bxg6 Kg7 42.Bh5 Rh8 43.Rh3 Qc6 44.Rg2 Rh7
45.Qe2 Rdh8 46.Qe5+ Kg8 47.Bf7+ Kf8 48.Rxh7 Rxh7 49.Qb8+  1-0

[Event "9th LGA Premium Cup"]
[Site "Nuernberg GER"]
[Date "2012.09.07"]
[Round "3.39"]
[White "Zwahr,P"]
[Black "Shiomi,R"]
[Result "1/2-1/2"]
[WhiteElo "2320"]
[BlackElo "2122"]

1.e4 d5 2.exd5 Qxd5 3.Nc3 Qd6 4.d4 Nf6 5.Nf3 a6 6.g3 Bg4 7.Bg2 Nc6 8.O-O O-O-O
9.d5 Ne5 10.Bf4 Nxf3+ 11.Bxf3 Bxf3 12.Qxf3 e5 13.dxe6 Qxe6 14.Bg5 Bc5 15.Rfe1 Qg4
16.Qxg4+ Nxg4 17.Ne4 f6 18.Nxc5 fxg5 19.h3 Nf6 20.Rad1 Rxd1 21.Rxd1 Re8 22.Kf1 Ne4
23.Nd3 b6 24.Kg2 Rf8 25.Re1 Nd6 26.Re5 h6 27.Re1 Nf5 28.Nb4 Rd8 29.Re5 Nd4
30.c4 a5 31.Nd5 Rd7 32.a3 Rf7 33.b4 axb4 34.axb4 Nc6 35.Re4 Kd7 36.f3 Kd6
37.f4 gxf4 38.gxf4 Ne7 39.Nxe7 Rxe7 40.Rd4+ Kc6 41.Kf3 g6 42.Rd5 Re1 43.b5+ Kb7
44.c5 bxc5 45.Rxc5 Re6 46.h4 Kb6 47.Rd5 c6 48.bxc6 Kxc6 49.Ra5 Kd6 50.Ra7 h5
51.Rg7 Rf6 52.Rb7 Re6 53.Ra7  1/2-1/2

[Event "9th LGA Premium Cup"]
[Site "Nuernberg GER"]
[Date "2012.09.07"]
[Round "4.68"]
[White "Steinmueller,A"]
[Black "Ortpaul,M"]
[Result "1-0"]
[WhiteElo "2068"]
[BlackElo "1947"]

1.e4 d5 2.exd5 Qxd5 3.Nc3 Qd6 4.Bc4 Nf6 5.d3 g6 6.Nge2 c6 7.Bf4 e5 8.Bg5 Bg7
9.Ng3 h6 10.Be3 Nbd7 11.h4 Nc5 12.Qe2 Bg4 13.f3 Bd7 14.Qf2 Ne6 15.Bxa7 Qb4
16.Qb6 Nd4 17.O-O-O Qxb6 18.Bxb6 O-O 19.Rde1 Rfe8 20.a3 Be6 21.Bxe6 Nxe6
22.h5 c5 23.Nge4 Nd7 24.Nd5 Nxb6 25.Nxb6 Ra6 26.Nd7 Rc8 27.hxg6 fxg6 28.Nef6+ Kf7
29.Ng4 Kg8 30.Nxh6+ Bxh6+ 31.Rxh6 Kg7 32.Reh1 Nf8 33.Nxe5 b5 34.R6h4 Re6
35.Re4 Ra8 36.Kd2 Rd6 37.Rd1 Rc8 38.c3 Rb8 39.Ng4 Nh7 40.Re7+  1-0

[Event "3rd Oliver Gonzalez Mem Open A"]
[Site "Madrid ESP"]
[Date "2012.09.08"]
[Round "8.43"]
[White "Hernandez Gutierrez,Jose"]
[Black "Laynez Aspenberg,J"]
[Result "0-1"]
[WhiteElo "1877"]
[BlackElo "1915"]

1.e4 d5 2.exd5 Qxd5 3.Nc3 Qd6 4.d4 Nf6 5.Be2 a6 6.h3 e6 7.Nf3 b5 8.a3 Bb7
9.Be3 Nbd7 10.O-O Be7 11.Qd2 c5 12.Rfd1 O-O 13.Ne1 Rfd8 14.Bf3 Qb6 15.Qe2 cxd4
16.Bxd4 Bxf3 17.Nxf3 Qb7 18.Rd2 Nb6 19.Ne5 Rac8 20.b3 Rxd4 21.Rxd4 Rxc3 22.Rd3 Nbd5
23.Rxc3 Nxc3 24.Qd3 Nfd5 25.a4 Nf4 26.Qf3 Qxf3 27.Nxf3 b4 28.Re1 Bf6 29.Nd2 Nfe2+
30.Kf1 Nd4 31.Ne4 Nxc2 32.Nxf6+ gxf6 33.Rc1 Nd4 34.Ke1 Nxb3 35.Rc2 Nd4 36.Kd2 Nxc2
37.Kxc2 Nxa4 38.Kb3  0-1

[Event "40th Olympiad Women"]
[Site "Istanbul TUR"]
[Date "2012.09.09"]
[Round "11.33"]
[White "Gjergji,R"]
[Black "Ptacnikova,L"]
[Result "0-1"]
[WhiteElo "1924"]
[BlackElo "2281"]

1.e4 d5 2.exd5 Qxd5 3.Nc3 Qd6 4.d4 Nf6 5.Nf3 c6 6.Ne5 Nbd7 7.Nc4 Qc7 8.Qf3 Nb6
9.Nxb6 Qxb6 10.d5 Bd7 11.Bc4 Qb4 12.Bb3 cxd5 13.Bd2 Qd6 14.Nxd5 Bc6 15.Nxf6+ gxf6
16.Qh5 e6 17.O-O-O Qc5 18.Qg4 h5 19.Qh3 O-O-O 20.Be3 Bh6 21.Rxd8+ Kxd8 22.Rd1+ Ke7
23.f4 Qa5 24.Qh4 Rg8 25.Bd4 Qf5 26.Kb1 Rxg2 27.Be5 Bf3 28.Bd6+ Kd7 29.Ba4+ b5  0-1